000 00669cam a2200229 a 4500
001 1443471
005 20171220073329.0
008 851018s1986 nyua b 001 0 eng c
010 _a 85025674
020 _a0306420457
040 _aDNLM/DLC
_cDLC
_dDLC
041 _aeng
060 _aWL 103 C6413
080 _a152 GOL
082 0 0 _a152 GOL
_219
100 _a46
101 _aPSI
245 0 0 _aClinical application of neuropsychological test batteries /
_cedited by Theresa Incagnoli, Gerald Goldstein, and Charles J. Golden.
504 _aIncludes bibliographies and index.
906 _a7
_bcbc
_corignew
_d1
_eocip
_f19
_gy-gencatlg
942 _2ddc
_cBK
999 _c39228
_d39228